000 00806nam a2200277Ia 4500
003 OSt
005 20221007125442.0
006 a|||||r|||| 00| 0
007 ta
008 221006b |||||||| |||| 00| 0 eng d
020 _a0854046828 (pbk)
024 _a12005
037 _cTextual
040 _aCDL
_cCDL
_beng
041 _2eng
_aeng
082 _aE5:4, P2 Carc
100 _aHanson James R
_9721856
245 0 _aOrganic synthetic methods
260 _aCambridge
_bThe Royal Society of Chemistry
_c2002
300 _avii, 175p.
_ccm.
490 _aTutorial chemistry texts; 12
500 _aIncludes bibliographical references; Index 173-175p.
650 _aOrganic synthesis
942 _hE5:4, P2 Carc
_cTEXL
_2CC
999 _c1215303
_d1215303